000 00451nam a22001817a 4500
005 20240418103252.0
008 240418b |||||||| |||| 00| 0 eng d
020 _a9789380676371
041 _aHindi
082 _a891.46
_bYOG
100 _aYoganand Parmhans
_9206252
245 _aYogi Kathamrut
260 _aIndia
_bYogada Satsanga Society of India
_c2014
300 _a716
365 _b150.00
_cRs.00
650 _aNon Fiction
942 _cDB
999 _c357752
_d357752